000 00682cam a2200265 i 4500
001 000557
003 DO-SdBNP
005 20180201144204.0
007 0000557
008 100514s 1983 pr a 000 f spa
015 _a
017 _a
_b
020 _a8439934645
035 _a
040 _aBPMSU
_bspa
_cBPMSU
_e
080 _a
100 1 _aDíaz Montero, Aníbal
245 1 0 _aPedruquito y sus amigos /
_b(cuentos infantiles)
_h
_cAníbal Díaz Montero
250 _a8a. ed.
260 _aSanturce, Puerto Rico :
_bDíaz Mont,
_c1983.
300 _a142 p.:
_bil.
_c21 cm.
942 _2ddc
_cBK
945 _aInventariado, 2018/ YL
956 _aYLOCKWARD
_cBPMSU
_b10
999 _c10979
_d10979